80's Movie Quotes - Statistics

General Stats
  • This quiz has been taken 330 times
  • The average score is 6 of 15
Answer Stats
Hint Answer % Correct
"There's that word again... "Heavy." Why are things so heavy in the future? Is there a problem with the Earth's gravitational pull?!" Back to the Future
77%
"I think I'll go embarrass myself with Goose." Top Gun
76%
"The key to faking out the parents is the clammy hands. It's a good non-specific symptom. I'm a big believer in it." Ferris Bueller's Day Off
67%
"Tell me, kid, have you ever danced with the devil by the pale moon light?" Batman (1989)
50%
"Come out to the coast, we'll get together, have a few laughs..." Die Hard
48%
"We do not train to be merciful here. Mercy is for the weak! Here, in the streets, in competition; a man confronts you, he is the enemy. An enemy deserves no mercy!" The Karate Kid
47%
"Cubs win the World Series... against Miami?" Back to the Future Part II
42%
"Chicks cannot hold their smoke. That's what it is." The Breakfast Club
32%
"The only thing we serve here is tongue... You boys like tongue?" The Goonies
31%
"You're Josh Baskin, remember?! You broke your arm on my roof!" Big
30%
"Disturbing the peace?! I got thrown out of a window!!" Beverly Hills Cop
21%
"Is that you, John Wayne? Is this me?" Full Metal Jacket
12%
"This is a really volcanic ensemble you're wearing; it's really marvelous!" Pretty in Pink
12%
"How will you live, John? ... Day by Day." Rambo: First Blood Part II
5%
"Did you tell your friends that I boffed your brains out in your van?" Secret Admirer
3%
No matching quizzes found
Score Distribution
Percent of People with Each Score
Percentile by Number Answered
Your Score History
You have not taken this quiz